[Event "Skakligaen 2022-23"]
[Site "Denmark"]
[Date "2022.12.04"]
[Round "4.2"]
[White "Veng, Johnni"]
[Black "Matthiesen, Martin"]
[Result "1/2-1/2"]
[WhiteElo "2214"]
[BlackElo "2328"]
[PlyCount "84"]
[EventDate "2022.10.29"]
[EventType "team-tourn"]
[EventRounds "9"]
[EventCountry "DEN"]
[SourceTitle "Holdskaksystemet"]
[WhiteTeam "Nordre"]
[BlackTeam "SK1968"]

1. Nf3 d5 2. c4 c6 3. d4 Nf6 4. Nc3 e6 5. Bg5 Nbd7 6. e3 Qa5 7. cxd5 Nxd5 8.
Qd2 Bb4 9. Rc1 Nxc3 10. bxc3 Ba3 11. Rb1 b6 12. Bd3 Ba6 13. O-O Bxd3 14. Qxd3
O-O 15. e4 Rfe8 16. Bd2 Bf8 17. a4 Rad8 18. Ra1 e5 19. Qc4 Rc8 20. Rfe1 Rc7 21.
h3 h6 22. g4 g6 23. Kg2 Bg7 24. Red1 Re7 25. d5 Re8 26. Be3 Rec8 27. d6 Rb7 28.
Qb4 Qa6 29. a5 c5 30. Qa3 b5 31. Rd5 b4 32. Qc1 b3 33. Qd2 Qc4 34. Bxh6 Bxh6
35. Qxh6 Qxe4 36. Rdd1 b2 37. Rab1 Rc6 38. Re1 Qf4 39. Qxf4 exf4 40. Re2 Rxd6
41. Rexb2 Rxb2 42. Rxb2 Ra6 1/2-1/2

[Event "Skakligaen 2022-23"]
[Site "Denmark"]
[Date "2022.12.04"]
[Round "4.3"]
[White "Thogersen, Rasmus"]
[Black "Sloth, Jorn"]
[Result "1-0"]
[WhiteElo "2323"]
[BlackElo "2296"]
[PlyCount "61"]
[EventDate "2022.10.29"]
[EventType "team-tourn"]
[EventRounds "9"]
[EventCountry "DEN"]
[SourceTitle "Holdskaksystemet"]
[WhiteTeam "SK1968"]
[BlackTeam "Nordre"]

1. e4 e6 2. d4 d5 3. Nc3 Nc6 4. Nf3 Nf6 5. e5 Ne4 6. Bd3 Bb4 7. Bd2 Nxd2 8.
Qxd2 f6 9. Bb5 Bd7 10. Bxc6 Bxc6 11. a3 Be7 12. O-O f5 13. Ne1 O-O 14. f4 Qd7
15. Kh1 Bb5 16. Rg1 c5 17. Nf3 b6 18. g4 Bc6 19. Rg3 fxg4 20. Rxg4 Rf7 21. Rag1
Kh8 22. R1g3 Raf8 23. Rh3 Bd8 24. Ne2 c4 25. Ng3 Qe8 26. Nh5 Bd7 27. Qg2 Rg8
28. Nh4 Bxh4 29. Rgxh4 Qf8 30. Qg6 h6 31. Nxg7 1-0

[Event "Skakligaen 2022-23"]
[Site "Denmark"]
[Date "2022.12.04"]
[Round "4.4"]
[White "Christensen, Jan Schleicher"]
[Black "Ramsdal, Jens Albert"]
[Result "0-1"]
[WhiteElo "2167"]
[BlackElo "2318"]
[PlyCount "159"]
[EventDate "2022.10.29"]
[EventType "team-tourn"]
[EventRounds "9"]
[EventCountry "DEN"]
[SourceTitle "Holdskaksystemet"]
[WhiteTeam "Nordre"]
[BlackTeam "SK1968"]

1. d4 Nf6 2. Nf3 d5 3. c4 e6 4. Nc3 dxc4 5. e4 b5 6. Nxb5 Nxe4 7. Qa4 c6 8. Nc3
Nxc3 9. bxc3 Ba6 10. Bxc4 Bxc4 11. Qxc4 Be7 12. O-O O-O 13. Bf4 Qd5 14. Qe2 Nd7
15. c4 Qa5 16. Rab1 Qa6 17. Rfe1 Nb6 18. Rec1 Rfd8 19. Qe4 Nd7 20. Qc2 Nf8 21.
Re1 Ng6 22. Be3 Bf6 23. Rbd1 h6 24. h3 Rab8 25. Rb1 Rbc8 26. Rb3 Nh4 27. Nxh4
Bxh4 28. Rd3 Bf6 29. Red1 Rc7 30. Qc1 Rcd7 31. Qc2 Rb7 32. Rb3 Rbd7 33. Rbd3
Qa5 34. Qe2 Qa4 35. R3d2 Qa6 36. Kh1 Rb7 37. Rc2 Rbd7 38. Rcd2 Rb7 39. Rc2 Qa4
40. Rcd2 Rbd7 41. Kg1 Qa5 42. Qf3 Qa6 43. Qe2 Rb8 44. Rc2 Rb4 45. Bd2 Ra4 46.
Be3 Qa5 47. Qf3 Qa6 48. Qe2 Rb4 49. Bd2 Rb8 50. Be3 Qb7 51. Rcd2 a5 52. Bf4
Rbd8 53. Be3 Qa6 54. Kf1 a4 55. c5 Qxe2+ 56. Kxe2 Rb8 57. Rc2 Rb4 58. a3 Rb3
59. Rd3 e5 60. Rc4 exd4 61. Bxd4 Bxd4 62. Rcxd4 Re7+ 63. Kd2 Rb2+ 64. Kc3 Rxf2
65. g4 Re5 66. Rc4 Ra2 67. Rd6 Rxa3+ 68. Kd4 Re6 69. Rxe6 fxe6 70. Ke5 Rxh3 71.
Rxa4 Rd3 72. Kxe6 Rd5 73. Rc4 Kh7 74. Rc3 Kg6 75. Rc4 Kg5 76. Kf7 g6 77. Ke6 h5
78. gxh5 gxh5 79. Rc1 h4 80. Rg1+ 0-1

[Event "Skakligaen 2022-23"]
[Site "Denmark"]
[Date "2022.12.04"]
[Round "4.5"]
[White "Hansen, Lars"]
[Black "Andersen, Thomas Klitgaard"]
[Result "1/2-1/2"]
[WhiteElo "2259"]
[BlackElo "2137"]
[PlyCount "50"]
[EventDate "2022.10.29"]
[EventType "team-tourn"]
[EventRounds "9"]
[EventCountry "DEN"]
[SourceTitle "Holdskaksystemet"]
[WhiteTeam "SK1968"]
[BlackTeam "Nordre"]

1. e4 e6 2. d4 d5 3. exd5 exd5 4. Nf3 Nc6 5. Bd3 Nb4 6. Be2 Bf5 7. Na3 Nf6 8.
O-O Nc6 9. Re1 Bxa3 10. bxa3 O-O 11. Ne5 Ne4 12. Nxc6 bxc6 13. Bf4 Qh4 14. g3
Qe7 15. Bd3 Qd7 16. c4 Rab8 17. Qc2 Nd6 18. c5 Bxd3 19. Qxd3 Nc4 20. Re2 Rfe8
21. Rae1 h6 22. Kg2 Rxe2 23. Rxe2 Re8 24. Rxe8+ Qxe8 25. Bxc7 Qe6 1/2-1/2

[Event "Skakligaen 2022-23"]
[Site "Denmark"]
[Date "2022.12.04"]
[Round "4.6"]
[White "Abildlund, Jens"]
[Black "Lauridsen, Jesper Morch"]
[Result "0-1"]
[WhiteElo "2183"]
[BlackElo "2221"]
[PlyCount "110"]
[EventDate "2022.10.29"]
[EventType "team-tourn"]
[EventRounds "9"]
[EventCountry "DEN"]
[SourceTitle "Holdskaksystemet"]
[WhiteTeam "Nordre"]
[BlackTeam "SK1968"]

1. d4 d5 2. Nf3 e6 3. Bf4 Bd6 4. Bg3 Nf6 5. e3 c5 6. c3 Nc6 7. Nbd2 O-O 8. Bd3
b6 9. Ne5 Bb7 10. f4 Ne7 11. Qf3 Nf5 12. Bf2 Be7 13. O-O Nd6 14. Qh3 Nfe4 15.
Rad1 f5 16. g4 Nxd2 17. Rxd2 Ne4 18. Re2 Bf6 19. Be1 Bxe5 20. fxe5 Qg5 21. Rg2
fxg4 22. Rxg4 Rxf1+ 23. Bxf1 Qf5 24. Qg2 Qf7 25. Bh4 Rf8 26. Bd3 Kh8 27. Rf4
Qe8 28. Bb5 Qb8 29. Qf3 Rxf4 30. Qxf4 g5 31. Bxg5 Qg8 32. h4 h6 33. Qg4 hxg5
34. Qh5+ Kg7 35. hxg5 Qf7 36. Qh4 Qf5 37. g6 Qxg6+ 38. Kf1 Qg5 39. Qh3 Qf5+ 40.
Qxf5 Ng3+ 41. Kg2 Nxf5 42. b4 cxb4 43. cxb4 Kf7 44. Kf3 Ne7 45. Kf4 a6 46. Be2
b5 47. Bh5+ Kg7 48. Bg4 Bc8 49. Kg5 Nc6 50. a3 Kf7 51. Be2 Bb7 52. Bd3 Ne7 53.
Kf4 Nc8 54. Bc2 Nb6 55. Bb3 Bc6 0-1

[Event "Skakligaen 2022-23"]
[Site "Denmark"]
[Date "2022.12.04"]
[Round "4.7"]
[White "Rewitz, Poul"]
[Black "Hoiberg, Nina"]
[Result "1-0"]
[WhiteElo "2172"]
[BlackElo "2144"]
[PlyCount "81"]
[EventDate "2022.10.29"]
[EventType "team-tourn"]
[EventRounds "9"]
[EventCountry "DEN"]
[SourceTitle "Holdskaksystemet"]
[WhiteTeam "SK1968"]
[BlackTeam "Nordre"]

1. Nf3 d5 2. b3 c5 3. e3 Nc6 4. Bb5 Bg4 5. Ba3 e5 6. h3 Bxf3 7. Bxc6+ bxc6 8.
Qxf3 e4 9. Qe2 Nf6 10. Nc3 Nd7 11. Na4 Qa5 12. Bb2 Qc7 13. O-O Nb6 14. Qa6 Nxa4
15. Qxa4 Rb8 16. f4 Rb5 17. Qa6 f6 18. a4 Rb7 19. Bc3 Bd6 20. Qe2 O-O 21. a5
Rb5 22. a6 Re8 23. Ra4 Qb8 24. Qg4 Qd8 25. h4 d4 26. exd4 cxd4 27. Bxd4 Rb4 28.
Bxa7 Rxa4 29. bxa4 Qe7 30. Be3 Ra8 31. Rb1 h5 32. Qf5 Qf7 33. Rb7 Qc4 34. a7
Qe2 35. Rb1 Qc4 36. Qd7 Qxc2 37. Rb7 Qd1+ 38. Kf2 Qg4 39. Qxd6 Qxh4+ 40. Kf1
Qh1+ 41. Bg1 1-0

[Event "Skakligaen 2022-23"]
[Site "Denmark"]
[Date "2022.12.04"]
[Round "4.8"]
[White "Holst, Per"]
[Black "Pedersen, Gunnar"]
[Result "1/2-1/2"]
[WhiteElo "2075"]
[BlackElo "2221"]
[PlyCount "32"]
[EventDate "2022.10.29"]
[EventType "team-tourn"]
[EventRounds "9"]
[EventCountry "DEN"]
[SourceTitle "Holdskaksystemet"]
[WhiteTeam "Nordre"]
[BlackTeam "SK1968"]

1. d4 Nf6 2. c4 e6 3. Nf3 d5 4. g3 Be7 5. Bg2 O-O 6. O-O dxc4 7. Qa4 a6 8. Qxc4
b5 9. Qc2 Bb7 10. Bg5 Nbd7 11. Bxf6 Nxf6 12. Nbd2 Rc8 13. Nb3 Be4 14. Qc1 Qd5
15. Rd1 Rfd8 16. Nc5 Bxc5 1/2-1/2

[Event "Skakligaen 2022-23"]
[Site "Denmark"]
[Date "2022.12.04"]
[Round "4.1"]
[White "Bjerre, Jonas Buhl"]
[Black "Ochsner, Bjorn Moller"]
[Result "0-1"]
[WhiteElo "2612"]
[BlackElo "2504"]
[PlyCount "64"]
[EventDate "2022.10.29"]
[EventType "team-tourn"]
[EventRounds "9"]
[EventCountry "DEN"]
[SourceTitle "AarhusSkolerne"]
[WhiteTeam "Skanderborg"]
[BlackTeam "AarhusSkolerne"]

1. d4 d5 2. c4 e6 3. Nc3 Bb4 4. Nf3 Nf6 5. Qa4+ Nc6 6. e3 O-O 7. Qc2 Re8 8. Bd2
Bf8 9. Be2 Nb4 10. Qb1 c5 11. dxc5 dxc4 12. Bxc4 Bxc5 13. O-O Qe7 14. Ne4 Nxe4
15. Qxe4 Nd5 16. Bxd5 exd5 17. Qxd5 Rd8 18. Qh5 Be6 19. e4 Bd4 20. e5 Bxb2 21.
Rab1 Qa3 22. Ng5 h6 23. Bc1 hxg5 24. Rxb2 g4 25. Rxb7 Qxa2 26. Bg5 Rdb8 27. Rc7
Rb1 28. Bc1 Qe2 29. Qg5 Bc4 30. Rxc4 Qxc4 31. Rd1 Re8 32. h4 Qe2 0-1

[Event "Skakligaen 2022-23"]
[Site "Denmark"]
[Date "2022.12.04"]
[Round "4.2"]
[White "Rasmussen, Karsten"]
[Black "Andersen, Mads"]
[Result "1/2-1/2"]
[WhiteElo "2392"]
[BlackElo "2604"]
[PlyCount "32"]
[EventDate "2022.10.29"]
[EventType "team-tourn"]
[EventRounds "9"]
[EventCountry "DEN"]
[SourceTitle "AarhusSkolerne"]
[WhiteTeam "AarhusSkolerne"]
[BlackTeam "Skanderborg"]

1. d4 d5 2. c4 dxc4 3. Nf3 Nf6 4. e3 e6 5. Bxc4 c5 6. O-O a6 7. dxc5 Bxc5 8. a3
b5 9. Be2 Bb7 10. b4 Bd6 11. a4 O-O 12. axb5 axb5 13. Rxa8 Bxa8 14. Na3 Bxb4
15. Qxd8 Rxd8 16. Nxb5 Nbd7 1/2-1/2

[Event "Skakligaen 2022-23"]
[Site "Denmark"]
[Date "2022.12.04"]
[Round "4.3"]
[White "Olsen, Filip Boe"]
[Black "Vinther Schou, Uffe"]
[Result "1-0"]
[WhiteElo "2433"]
[BlackElo "2382"]
[PlyCount "93"]
[EventDate "2022.10.29"]
[EventType "team-tourn"]
[EventRounds "9"]
[EventCountry "DEN"]
[SourceTitle "AarhusSkolerne"]
[WhiteTeam "Skanderborg"]
[BlackTeam "AarhusSkolerne"]

1. d4 Nf6 2. c4 e6 3. Nf3 c5 4. d5 exd5 5. cxd5 d6 6. Nc3 g6 7. Bf4 a6 8. a4
Bg7 9. e3 O-O 10. h3 Qe7 11. Be2 Nbd7 12. O-O Ne8 13. Nd2 Ne5 14. Bh2 Rb8 15.
Re1 f5 16. f4 Nf7 17. Bd3 Nf6 18. Qc2 Bd7 19. a5 Rfe8 20. Kh1 Qf8 21. Qb3 Re7
22. Re2 Qe8 23. Rae1 Ne4 24. Bxe4 fxe4 25. Nc4 Bb5 26. Rf2 Bf6 27. f5 Bxc4 28.
Qxc4 g5 29. Ra1 Rd8 30. Ra4 Bxc3 31. bxc3 Ne5 32. Qxe4 Nd3 33. Qxd3 Qxa4 34. f6
Qa1+ 35. Rf1 Rxe3 36. Qf5 Qxf1+ 37. Qxf1 Kf7 38. c4 h5 39. Qf2 Re4 40. Qf5 Re1+
41. Bg1 Re5 42. Qh7+ Kxf6 43. Qc7 Ree8 44. Be3 Kg6 45. Bd2 h4 46. Kh2 Rf8 47.
Qe7 1-0

[Event "Skakligaen 2022-23"]
[Site "Denmark"]
[Date "2022.12.04"]
[Round "4.4"]
[White "Skytte, Rasmus"]
[Black "Pajeken, Jakob Leon"]
[Result "0-1"]
[WhiteElo "2354"]
[BlackElo "2458"]
[PlyCount "49"]
[EventDate "2022.10.29"]
[EventType "team-tourn"]
[EventRounds "9"]
[EventCountry "DEN"]
[SourceTitle "AarhusSkolerne"]
[WhiteTeam "AarhusSkolerne"]
[BlackTeam "Skanderborg"]

1. e4 c5 2. c3 d5 3. exd5 Qxd5 4. d4 Nc6 5. Nf3 e6 6. Na3 Qd8 7. Bf4 Nf6 8.
dxc5 Nd5 9. Bd6 Bxd6 10. cxd6 Qxd6 11. Nb5 Qe7 12. c4 a6 13. cxd5 exd5+ 14. Qe2
axb5 15. Qxe7+ Kxe7 16. Bxb5 Bg4 17. Bxc6 bxc6 18. Ne5 Bd7 19. Kd2 Rhb8 20. b3
Be8 21. Ke3 Kd6 22. Nd3 c5 23. Rhd1 Bb5 24. a3 d4+ 25. Ke2 0-1

[Event "Skakligaen 2022-23"]
[Site "Denmark"]
[Date "2022.12.04"]
[Round "4.5"]
[White "Pedersen, Nicolai Vesterbaek"]
[Black "Sorensen, Jan"]
[Result "1/2-1/2"]
[WhiteElo "2367"]
[BlackElo "2370"]
[PlyCount "103"]
[EventDate "2022.10.29"]
[EventType "team-tourn"]
[EventRounds "9"]
[EventCountry "DEN"]
[SourceTitle "AarhusSkolerne"]
[WhiteTeam "Skanderborg"]
[BlackTeam "AarhusSkolerne"]

1. e4 e6 2. d4 d5 3. Nc3 Nc6 4. Nf3 Nf6 5. exd5 exd5 6. Bb5 Bb4 7. O-O O-O 8.
Bxc6 bxc6 9. Ne5 c5 10. Bg5 Bxc3 11. bxc3 Qd6 12. Bxf6 Qxf6 13. Re1 c4 14. Re3
Rb8 15. Qc1 Qd6 16. Rg3 f6 17. Nf3 Re8 18. h3 Bf5 19. Nh4 Bd7 20. Re3 Rxe3 21.
Qxe3 g5 22. Nf3 Kf7 23. h4 h6 24. hxg5 hxg5 25. Nh2 Qf4 26. Qe2 Re8 27. Qd1 Rh8
28. g3 Qe4 29. Qd2 Re8 30. Qd1 Rh8 31. Qd2 Re8 32. Qd1 Bf5 33. Rb1 Kg6 34. Nf1
Bg4 35. Qd2 Bf5 36. Nh2 Qxc2 37. Qxc2 Bxc2 38. Rb7 Re1+ 39. Kg2 Bd3 40. Rxc7
Rc1 41. Ng4 Rxc3 42. Rc6 Ra3 43. Nxf6 Kf7 44. f3 Rxa2+ 45. Kh3 Bf5+ 46. g4 Bd3
47. Nxd5 Bf1+ 48. Kg3 Rg2+ 49. Kh3 Rd2+ 50. Kg3 Rg2+ 51. Kh3 Rd2+ 52. Kg3
1/2-1/2

[Event "Skakligaen 2022-23"]
[Site "Denmark"]
[Date "2022.12.04"]
[Round "4.6"]
[White "Heimisson, Hilmir Freyr"]
[Black "Andersen, Jackie"]
[Result "0-1"]
[WhiteElo "2293"]
[BlackElo "2390"]
[PlyCount "106"]
[EventDate "2022.10.29"]
[EventType "team-tourn"]
[EventRounds "9"]
[EventCountry "DEN"]
[SourceTitle "AarhusSkolerne"]
[WhiteTeam "AarhusSkolerne"]
[BlackTeam "Skanderborg"]

1. e4 g6 2. d4 Nf6 3. e5 Nh5 4. Be2 d6 5. exd6 cxd6 6. Nc3 Bg7 7. Be3 Nf6 8.
Qd2 Nc6 9. d5 Ne5 10. Nf3 Bd7 11. Bd4 Qc7 12. O-O O-O 13. Rfe1 Rfe8 14. Rad1 a6
15. Qf4 Nxf3+ 16. Bxf3 b5 17. g4 b4 18. Ne2 h6 19. c3 Rab8 20. h4 Rb5 21. Qg3
bxc3 22. Bxc3 Rc5 23. g5 hxg5 24. hxg5 Nh7 25. Bxg7 Kxg7 26. Qh4 e5 27. Qh6+
Kg8 28. Ng3 Qd8 29. Ne4 Rc4 30. Kg2 Rxe4 31. Rxe4 Nxg5 32. Rh1 Qf6 33. Re3 e4
34. Be2 Re5 35. Rb3 Bb5 36. a4 Rf5 37. Qh4 Rf4 38. Qh8+ Qxh8 39. Rxh8+ Kxh8 40.
axb5 axb5 41. Rxb5 Rf5 42. b4 Kg7 43. Ra5 Nf3 44. Kg3 Kf6 45. b5 Nd4 46. Bc4
Ke5 47. Ra7 Rg5+ 48. Kh3 f5 49. Rh7 Rg1 50. f4+ Kxf4 51. Rh4+ Ke3 52. b6 g5 53.
b7 g4+ 0-1

[Event "Skakligaen 2022-23"]
[Site "Denmark"]
[Date "2022.12.04"]
[Round "4.7"]
[White "Brondt, Nicolai Kvist"]
[Black "Pedersen, Finn"]
[Result "1/2-1/2"]
[WhiteElo "2248"]
[BlackElo "2266"]
[PlyCount "168"]
[EventDate "2022.10.29"]
[EventType "team-tourn"]
[EventRounds "9"]
[EventCountry "DEN"]
[SourceTitle "AarhusSkolerne"]
[WhiteTeam "Skanderborg"]
[BlackTeam "AarhusSkolerne"]

1. c4 c6 2. Nf3 d5 3. e3 Nf6 4. Nc3 a6 5. Qc2 b5 6. b3 g6 7. Bb2 Bf5 8. Bd3
Bxd3 9. Qxd3 Bg7 10. a4 b4 11. Ne2 O-O 12. Rc1 Nbd7 13. cxd5 cxd5 14. O-O Qb6
15. Bxf6 Nxf6 16. Rc2 Rfc8 17. Rfc1 Qb7 18. Ned4 Rxc2 19. Qxc2 e6 20. Qc6 Qa7
21. h4 Ne4 22. h5 gxh5 23. Ne2 Bf8 24. d4 Bd6 25. Ng5 Bh2+ 26. Kxh2 Qb8+ 27.
Nf4 Nxg5 28. Qd7 Qf8 29. Qb7 Ne4 30. f3 Nc3 31. Qc7 Qb8 32. Qe7 Qf8 33. Qg5+
Qg7 34. Qxg7+ Kxg7 35. Nxh5+ Kf8 36. Nf4 Ke7 37. Kg1 Rc8 38. Kf1 a5 39. Ne2 h5
40. Nxc3 bxc3 41. Rc2 h4 42. Ke2 Rg8 43. Kd3 Rg3 44. Rf2 h3 45. gxh3 Rxh3 46.
Kxc3 Rh1 47. e4 Rc1+ 48. Kd2 Rb1 49. Kc2 Ra1 50. Re2 Kd6 51. e5+ Kc6 52. Re3
Ra2+ 53. Kc3 Kb6 54. Rd3 Ka6 55. Rd2 Ra1 56. Rg2 Rc1+ 57. Kd2 Rb1 58. Kc2 Rf1
59. Rg3 Kb6 60. Kc3 Rc1+ 61. Kd2 Rb1 62. Rg8 Rb2+ 63. Ke1 Rb1+ 64. Kf2 Rb2+ 65.
Kg3 Rd2 66. Rb8+ Kc6 67. Rf8 Rxd4 68. Rxf7 Rb4 69. Ra7 Kc5 70. Rxa5+ Kd4 71.
Rb5 Rxb5 72. axb5 Kxe5 73. b6 Kd6 74. Kf4 Kc6 75. Ke5 Kxb6 76. f4 Kb5 77. Kxe6
d4 78. f5 d3 79. f6 d2 80. f7 d1=Q 81. f8=Q Qe1+ 82. Kf7 Qf1+ 83. Kg8 Qxf8+ 84.
Kxf8 Kb4 1/2-1/2

[Event "Skakligaen 2022-23"]
[Site "Denmark"]
[Date "2023.01.14"]
[Round "5.1"]
[White "Hillarp Persson, Tiger"]
[Black "Hansen, Sune Berg"]
[Result "1-0"]
[WhiteElo "2511"]
[BlackElo "2525"]
[PlyCount "109"]
[EventDate "2022.10.29"]
[EventType "team-tourn"]
[EventRounds "9"]
[EventCountry "DEN"]
[SourceTitle "Holdskaksystemet"]
[WhiteTeam "Bronshoj"]
[BlackTeam "Hillerod"]

1. c4 e6 2. g3 d5 3. Bg2 Nf6 4. Nf3 Be7 5. O-O O-O 6. d4 c6 7. Nc3 a5 8. Re1
Nbd7 9. e4 dxc4 10. a4 b6 11. h4 Ba6 12. Bh3 Re8 13. g4 Nf8 14. g5 N6d7 15. Bf4
Bb4 16. Bg3 b5 17. Qc2 Qb6 18. h5 Rad8 19. Rad1 Bb7 20. h6 g6 21. b3 f6 22.
bxc4 bxc4 23. gxf6 Nxf6 24. Bh4 Nh5 25. Bf1 Ba6 26. Bxd8 Qxd8 27. e5 Nd7 28.
Re3 Bf8 29. Ne4 Bxh6 30. Bxc4 Bxc4 31. Qxc4 Bxe3 32. fxe3 Qe7 33. Qxc6 Rf8 34.
Nfg5 Ng7 35. Rf1 h6 36. Rxf8+ Nxf8 37. Nf6+ Kh8 38. Qc5 Nf5 39. Qxe7 Nxe7 40.
Nf7+ Kg7 41. Nd8 g5 42. e4 Kg6 43. Ne8 g4 44. Nc7 h5 45. Ndxe6 Nxe6 46. Nxe6
Nc6 47. Nf4+ Kg5 48. Ne2 h4 49. e6 Kf6 50. d5 Ne5 51. Nd4 g3 52. Nf5 Ng6 53.
Kf1 h3 54. Nxg3 Ke5 55. Kg1 1-0

[Event "Skakligaen 2022-23"]
[Site "Denmark"]
[Date "2023.01.14"]
[Round "5.2"]
[White "Schandorff, Lars"]
[Black "Rodriguez, Renier Castellanos"]
[Result "0-1"]
[WhiteElo "2476"]
[BlackElo "2474"]
[PlyCount "88"]
[EventDate "2022.10.29"]
[EventType "team-tourn"]
[EventRounds "9"]
[EventCountry "DEN"]
[SourceTitle "Holdskaksystemet"]
[WhiteTeam "Hillerod"]
[BlackTeam "Bronshoj"]

1. Nf3 Nf6 2. g3 d5 3. Bg2 e6 4. O-O Be7 5. c4 O-O 6. b3 c5 7. Bb2 d4 8. e3 Nc6
9. exd4 cxd4 10. Re1 Ng4 11. h3 Nh6 12. Ne5 Nxe5 13. Rxe5 f6 14. Re1 e5 15. Ba3
Nf7 16. d3 Rb8 17. Bxe7 Qxe7 18. a3 Be6 19. b4 Qd7 20. Kh2 b5 21. c5 Bd5 22.
Bxd5 Qxd5 23. Nd2 Nd8 24. f4 exf4 25. gxf4 Nc6 26. Ne4 a5 27. Qd2 Kh8 28. Nd6
g5 29. Rf1 gxf4 30. Qxf4 axb4 31. axb4 Qe5 32. Ra6 Nxb4 33. Ra7 Nxd3 34. Qxe5
Nxe5 35. Rf5 Ra8 36. Rxa8 Rxa8 37. Nxb5 d3 38. Rxf6 d2 39. Rd6 Rg8 40. h4 Ng4+
41. Kg3 Ne3+ 42. Kf4 d1=Q 43. Rxd1 Nxd1 44. c6 Nb2 0-1

[Event "Skakligaen 2022-23"]
[Site "Denmark"]
[Date "2023.01.14"]
[Round "5.3"]
[White "Aagaard, Jacob"]
[Black "Percivaldi, Martin"]
[Result "1/2-1/2"]
[WhiteElo "2455"]
[BlackElo "2400"]
[PlyCount "62"]
[EventDate "2022.10.29"]
[EventType "team-tourn"]
[EventRounds "9"]
[EventCountry "DEN"]
[SourceTitle "Holdskaksystemet"]
[WhiteTeam "Bronshoj"]
[BlackTeam "Hillerod"]

1. e4 e5 2. Nf3 Nc6 3. Bb5 a6 4. Ba4 Nf6 5. O-O Be7 6. Re1 b5 7. Bb3 O-O 8. d3
Bb7 9. Nbd2 h6 10. c3 Re8 11. d4 d6 12. Nf1 Bf8 13. Ng3 Na5 14. Bc2 g6 15. a4
Qd7 16. b3 c5 17. d5 Qc7 18. h3 Reb8 19. Nh2 Bg7 20. Be3 Kh7 21. Ngf1 Bc8 22.
Nd2 Bd7 23. Rb1 bxa4 24. bxa4 Rxb1 25. Qxb1 Rb8 26. Qa2 Rb6 27. Rb1 Qb7 28.
Rxb6 Qxb6 29. Nhf3 Nh5 30. Nc4 Nxc4 31. Qxc4 Qb2 1/2-1/2

[Event "Skakligaen 2022-23"]
[Site "Denmark"]
[Date "2023.01.14"]
[Round "5.4"]
[White "Borge, Nikolaj"]
[Black "Vasli, Aref"]
[Result "0-1"]
[WhiteElo "2388"]
[BlackElo "2374"]
[PlyCount "92"]
[EventDate "2022.10.29"]
[EventType "team-tourn"]
[EventRounds "9"]
[EventCountry "DEN"]
[SourceTitle "Holdskaksystemet"]
[WhiteTeam "Hillerod"]
[BlackTeam "Bronshoj"]

1. e4 e5 2. d4 exd4 3. Qxd4 Nc6 4. Qc4 Nf6 5. Nc3 Bb4 6. Bd2 d6 7. O-O-O Be6 8.
Qe2 O-O 9. a3 Ba5 10. Nh3 Re8 11. Nf4 Bxc3 12. bxc3 d5 13. exd5 Bg4 14. Qb5
Bxd1 15. Kxd1 Ne4 16. Be1 Qd6 17. Nd3 a6 18. Qc4 Na5 19. Qd4 Qxa3 20. f3 c5 21.
dxc6 Qa1+ 22. Nc1 Rad8 23. fxe4 Rxd4+ 24. cxd4 Qxd4+ 25. Bd3 Nxc6 26. Nb3 Qd7
27. Bc3 Ne5 28. Ke2 Qg4+ 29. Kf2 Qf4+ 30. Ke2 Ng4 31. Bd4 Nxh2 32. Nd2 f5 33.
g3 Qg4+ 34. Kf2 Qh3 35. Nf1 f4 36. gxf4 Qf3+ 37. Kg1 Nxf1 38. Bxf1 Qg4+ 39. Kh2
Qxf4+ 40. Kg1 Qg4+ 41. Kh2 Qxe4 42. Bc4+ Kh8 43. c3 b5 44. Bf1 Re6 45. Rg1 Qf4+
46. Rg3 Rg6 0-1

[Event "Skakligaen 2022-23"]
[Site "Denmark"]
[Date "2023.01.14"]
[Round "5.5"]
[White "Hoi, Carsten"]
[Black "Ostergaard, Jens"]
[Result "1/2-1/2"]
[WhiteElo "2344"]
[BlackElo "2253"]
[PlyCount "113"]
[EventDate "2022.10.29"]
[EventType "team-tourn"]
[EventRounds "9"]
[EventCountry "DEN"]
[SourceTitle "Holdskaksystemet"]
[WhiteTeam "Bronshoj"]
[BlackTeam "Hillerod"]

1. d4 Nf6 2. Nf3 g6 3. c4 Bg7 4. Nc3 O-O 5. e4 d6 6. h3 e5 7. d5 a5 8. Bg5 Nbd7
9. g4 Nc5 10. Nd2 h6 11. Be3 Bd7 12. Be2 Nh7 13. Qc2 Kh8 14. O-O-O b6 15. Rdg1
a4 16. a3 c6 17. h4 cxd5 18. exd5 f5 19. gxf5 Bxf5 20. Nce4 Nf6 21. Bxc5 bxc5
22. Bd3 Nh5 23. Ng3 Nxg3 24. Rxg3 Rb8 25. Bxf5 gxf5 26. Rhg1 Rf7 27. Qxa4 e4
28. Rb3 Rxb3 29. Qxb3 Qxh4 30. Qb8+ Rf8 31. Qb7 Rg8 32. Rf1 Qf6 33. a4 Qd4 34.
a5 f4 35. Qb3 Ra8 36. Re1 Rxa5 37. Rxe4 Qf6 38. Re8+ Kh7 39. Qd3+ Qg6 40. Qxg6+
Kxg6 41. Re6+ Kf5 42. Ne4 Be5 43. Nxd6+ Bxd6 44. Rxd6 Ra4 45. b3 Ra1+ 46. Kd2
Ra2+ 47. Kd3 Rxf2 48. Rxh6 Rf3+ 49. Kc2 Rf2+ 50. Kc3 Rf3+ 51. Kb2 Rd3 52. Kc2
Rd4 53. Kc3 f3 54. b4 f2 55. Rh1 Rf4 56. Rf1 Rf3+ 57. Kd2 1/2-1/2

[Event "Skakligaen 2022-23"]
[Site "Denmark"]
[Date "2023.01.14"]
[Round "5.6"]
[White "Jaksland, Tim"]
[Black "Palm, Nikolaj"]
[Result "1/2-1/2"]
[WhiteElo "2100"]
[BlackElo "2308"]
[PlyCount "28"]
[EventDate "2022.10.29"]
[EventType "team-tourn"]
[EventRounds "9"]
[EventCountry "DEN"]
[SourceTitle "Holdskaksystemet"]
[WhiteTeam "Hillerod"]
[BlackTeam "Bronshoj"]

1. e4 e5 2. Nf3 Nc6 3. d4 exd4 4. Nxd4 Nf6 5. Nxc6 bxc6 6. e5 Qe7 7. Qe2 Nd5 8.
h4 f6 9. c4 Ba6 10. Rh3 O-O-O 11. Ra3 Nb4 12. Ra4 Qxe5 13. Qxe5 fxe5 14. Bg5
Re8 1/2-1/2

[Event "Skakligaen 2022-23"]
[Site "Denmark"]
[Date "2023.01.14"]
[Round "5.7"]
[White "Thuesen, Mogens Henrik"]
[Black "Pedersen, Jan Nordenbaek"]
[Result "1-0"]
[WhiteElo "2137"]
[BlackElo "2132"]
[PlyCount "63"]
[EventDate "2022.10.29"]
[EventType "team-tourn"]
[EventRounds "9"]
[EventCountry "DEN"]
[SourceTitle "Holdskaksystemet"]
[WhiteTeam "Bronshoj"]
[BlackTeam "Hillerod"]

1. e4 e5 2. Nf3 Nc6 3. Bb5 f5 4. Nc3 fxe4 5. Nxe4 Nf6 6. Qe2 d5 7. Nxf6+ gxf6
8. d4 Bg7 9. c4 Bg4 10. dxe5 O-O 11. cxd5 Nd4 12. Qc4 Bxf3 13. Qxd4 fxe5 14.
Qc5 b6 15. Qb4 c5 16. Qa4 a6 17. Bc6 Bxd5 18. Bxa8 Qxa8 19. Be3 Kh8 20. Rd1 b5
21. Qg4 Qc6 22. O-O Be6 23. Qh4 Bd5 24. f3 Rg8 25. Bg5 e4 26. fxe4 Bxe4 27. Rf6
Qb7 28. Qf2 Bxg2 29. Rf7 Qc6 30. Rxg7 Kxg7 31. Rd7+ Kg6 32. Qf7+ 1-0

[Event "Skakligaen 2022-23"]
[Site "Denmark"]
[Date "2023.01.14"]
[Round "5.8"]
[White "Laursen, Christopher Hofman"]
[Black "Laursen, Niels Norskov"]
[Result "0-1"]
[WhiteElo "2239"]
[BlackElo "2166"]
[PlyCount "94"]
[EventDate "2022.10.29"]
[EventType "team-tourn"]
[EventRounds "9"]
[EventCountry "DEN"]
[SourceTitle "Holdskaksystemet"]
[WhiteTeam "Hillerod"]
[BlackTeam "Bronshoj"]

1. Nf3 Nf6 2. b3 d6 3. d4 g6 4. Bb2 Bg7 5. g3 O-O 6. Bg2 Nc6 7. d5 Nb4 8. c4 c5
9. a3 Na6 10. O-O Nc7 11. Nbd2 b5 12. Ne1 Rb8 13. Nd3 bxc4 14. bxc4 e6 15. Rb1
exd5 16. Bxf6 Rxb1 17. Bxd8 Rxd1 18. Rxd1 Rxd8 19. cxd5 Ba6 20. Bf3 Nb5 21. Ne4
Nxa3 22. Ndxc5 dxc5 23. Nxc5 Bc8 24. e4 Nc4 25. Be2 Bf8 26. Nb3 Nb6 27. Ra1 Rd7
28. f4 f5 29. exf5 gxf5 30. Ra5 Bb4 31. Rb5 Bd6 32. Nc5 Rc7 33. Nd3 Ba6 34. Ra5
Bc4 35. Kf1 Bxd5 36. Bd1 Bc4 37. Bc2 Nd5 38. Kf2 Bxd3 39. Bxd3 Bc5+ 40. Kf3 Ne7
41. h3 Nc6 42. Ra1 Nd4+ 43. Kg2 Bb6 44. g4 Rc3 45. Rd1 Ne6 46. Bxf5 Nxf4+ 47.
Kf1 Rf3+ 0-1